Datum a čas kvízu
42
Celkem bodů
Celkový počet nahraných bodů na tomto kvízu bez doplňovacích otázek.
1.
Pořadí na kvízu
Konečné umístění týmu na tomto kvízu.
Zaznamenané odpovědi
| # | Otázka | Odpověď | Body | Výsledky |
|---|---|---|---|---|
| 1. | Minulý týden se stalo hitem so... | (Ford) Mustang, žlutá barva | 1 | |
| 2. | Minulý týden došlo v USA ke zř... | Baltimore | 0 | |
| 3. | Pondělní vyřizování účtů mezi... | Aleš Bejr | 1 | |
| 4. | V pondělí oznámila síň Heritag... | D) rám dveří, na němž se Rose zachránila | 1 | |
| 5. | Český snowboardista Radek Hous... | obarvit se na blond | 1 | |
| 6. | Věříme, že ovládáte velkou pal... | Drahá vlasti | 1 | |
| 7. | Kalaallit Nunaat, tak zní v mí... | Dánsko | 0 | |
| 8. | Vyberte zemi, jejíž zkratka ná... | C | 1 | |
| 9. | Švýcarsko má čtyři úřední jazy... | 1B 2C 3D 4A | 1 | |
| 10. | Na snímku z letiště můžete spa... | Dublin | 0 |